000 01187nam a2200265Ia 4500
999 _c54749
_d54749
001 21816
003 GE_BSU
005 20220520162914.0
008 181216s ||||ge |||||||||||||| ||geo||
040 _cGE_BSU
041 _ageo
080 _a811.353.1-8(075.3) ბ-89
100 _aბოცვაძე, ზურაბ
_913802
245 _aქართული ენა :
_bმე-3 კლასი /
_cზურაბ ბოცვაძე, თამარ ბურჯანაძე ; რედ. მ. ასათიანი.
264 _aთბილისი :
_bპს "ფორმა",
_c2006.
300 _a136 გვ. :
_bილ. ;
_c21 სმ.
500 _aავტორები გარეკანზე მითითებული არ არიან
520 _aავტორები გარეკ. მითით. არ არიან
541 _h5 ლ.
653 _aქართული ენა
653 _aმე-3 კლასი
700 _a ბურჯანაძე, თამარ
_eავტორი
_913803
700 _aასათიანი, მ.
_eრედაქტორი
_93078
942 _cBK
_2udc